M1 Motorway Destinations - Statistics

General Stats
  • This quiz has been taken 34 times
  • The average score is 69 of 126
Answer Stats
County Junction Connecting Road Destinations % Correct
43 M621 Leeds
88%
44 A639 / M621 Leeds
88%
A639 Leeds
88%
45 A63 Leeds
88%
46 A6210 Leeds
88%
Leicester
88%
21A A46 Leicester
88%
22 A50 / A511 Leicester
88%
11 A505 Luton
88%
Bedfordshire 10 A1081 Luton / Luton Airport
88%
24 A453 Nottingham
88%
Nottingham
88%
Derbyshire 25 A52 Nottingham
88%
Nottinghamshire 26 A610 Nottingham
88%
Derby
84%
Derby
84%
Derby
84%
Derbyshire 28 A38 / A615 Derby
84%
Hull
84%
Hull
84%
35A A616 Manchester
84%
37 A628 Manchester
84%
42 M62 Manchester
84%
A6135 / A619 Sheffield
84%
Sheffield
84%
33 A630 Sheffield
84%
34 A6109 / A6178 Sheffield
84%
36 A61 Sheffield
84%
Hertfordshire 5 A41 Watford
84%
M6 Birmingham
80%
21 M69 / A5460 Birmingham
80%
23A A42 / M42 Birmingham
80%
Greater London 1 A406 Central London
80%
17 M45 Coventry
80%
Coventry
80%
Coventry
80%
Milton Keynes
76%
Buckinghamshire 14 A509 Milton Keynes
76%
Northamptonshire 15 A45 / A508 / A43 Northampton
76%
Northampton
76%
16 A4500 Northampton
76%
St Albans
76%
7 A414 St Albans
76%
St Albans
76%
2 A1, A406 City of London
72%
Rotherham
72%
Rotherham
72%
Rotherham
72%
Rotherham
72%
35 A629 Rotherham
72%
13 A421 Bedford
68%
Bradford
68%
A617 Chesterfield
68%
Chesterfield
68%
32 M18 Doncaster
68%
Wakefield
68%
40 A638 Wakefield
68%
41 A650 Wakefield
68%
Barnsley
60%
Barnsley
60%
23 A512 Loughborough
60%
15A A43 / M40 Oxford
60%
Kettering
56%
Kettering
56%
Rugby
52%
Rugby
52%
A50 / A453 Stoke
52%
24A A50 Stoke
52%
38 A637 Huddersfield
48%
Mansfield
48%
Mansfield
48%
29 A617 / A632 Mansfield
48%
Newark
48%
30 A616 / A619 Newark
48%
Newport Pagnell
48%
Wembley
48%
Worksop
48%
South Yorkshire 31 A57 Worksop
48%
Brent Cross
44%
8 A414 Hemel Hempstead
44%
Matlock
44%
Matlock
44%
Dunstable
40%
Dunstable
40%
A453 East Midlands Airport
40%
East Midlands Airport
40%
4 A41 Harrow
40%
Pontefract
40%
47 A656 / A642 Castleford
36%
Leicestershire 19 A14 Felixstowe
36%
Selby
36%
Wellingborough
36%
Aylesbury
32%
11A A5 / A505 Aylesbury
32%
Coalville
32%
Coalville
32%
Dartford
32%
A45 Daventry
32%
18 A428 / A361 Daventry
32%
Bolsover
28%
Hatfield
28%
A5 / A428 Hinckley
28%
20 A4303 / A426 Lutterworth
28%
A4303 / A4304 Lutterworth
28%
Market Harborough
28%
Morley
28%
Dewsbury
24%
Edgware
24%
A511 Ashby
20%
12 A5120 Flitwick
20%
Meadowhall
20%
Shepshed
20%
Garforth
16%
A642 / A1(M) Garforth
16%
Heathrow Airport
16%
Leeds Bradford Airport
16%
A6210 / A63 Leeds Bradford Airport
16%
6A M25 Stansted Airport
16%
West Yorkshire 39 A636 Denby Dale
12%
27 A608 Heanor
12%
Hucknall
12%
Ripley
12%
Holloway
8%
29A A6192 / A632 Markham Vale
4%
6 A405 / M25 North Watford
4%
9 A5183 Redbourn
4%
No matching quizzes found
Score Distribution
Percent of People with Each Score
Percentile by Number Answered
Your Score History
You have not taken this quiz